SISTEMA DE BIBLIOTECAS


Ritual flamenco (Record no. 63617)

MARC details
000 -CABECERA
campo de control de longitud fija 02296nmm a22002777a 4500
001 - NÚMERO DE CONTROL
campo de control 000321
003 - IDENTIFICADOR DEL NÚMERO DE CONTROL
campo de control UAHC_CL
005 - FECHA Y HORA DE LA ÚLTIMA TRANSACCIÓN
campo de control 20260417171109.0
008 - DATOS DE LONGITUD FIJA--INFORMACIÓN GENERAL
campo de control de longitud fija 260417s2025 cl o d 000 spa d
040 ## - FUENTE DE LA CATALOGACIÓN
Centro catalogador/agencia de origen UAHC_CL
Centro/agencia transcriptor UAHC_CL
Centro/agencia modificador UAHC_CL
100 ## - ENTRADA PRINCIPAL--NOMBRE DE PERSONA
Nombre de persona Hernández Chau, Lincoyan
9 (RLIN) 23329
245 10 - MENCIÓN DE TÍTULO
Título Ritual flamenco
Mención de responsabilidad, etc. Lincoyan Hernández ; profesor guía Luis Campos.
Resto del título caracterización de transmisiones culturales tradicionales del flamenco en Santiago de Chile
260 ## - PUBLICACIÓN, DISTRIBUCIÓN, ETC.
Lugar de publicación, distribución, etc. Santiago, Chile :
Nombre del editor, distribuidor, etc. Universidad Academia de Humanismo Cristiano,
Fecha de publicación, distribución, etc. 2025.
300 ## - DESCRIPCIÓN FÍSICA
Extensión 139 páginas.
500 ## - NOTA GENERAL
Nota general Tesis para optar al grado de Licenciado/a en Antropología y al título de Antropólogo/a Social.
502 ## - NOTA DE TESIS
Nota de tesis Tesis (Antropología) -- Universidad Academia de Humanismo Cristiano, 2025.
516 ## - NOTA DE TIPO DE ARCHIVO DE ORDENADOR O DE DATOS
Nota de tipo de archivo de ordenador o de datos Tesis electrónica (PDF). Solicitar envío de documento a biblioteca@academia.cl.
520 ## - SUMARIO, ETC.
Sumario, etc. Esta es una investigación sobre qué y cómo se transmiten elementos culturales tradicionales del flamenco en Santiago de Chile. Para ello se presentará un análisis bibliográfico que nos ayudará a comprender el desarrollo de algunas representaciones del flamenco en la historia, con ello identificar algunas de sus palabras clave en el argot flamenco y así entender cómo se han planteado ideas tradicionalistas/puristas de este arte del mismo modo que han surgido <br/>ideas innovadoras/heterodoxas. Conocer esta doble cara de la producción del flamenco nos permitirá acercarnos a los elementos que se han transmitido en Chile durante el último siglo hasta hoy, ya sea en escuelas de flamenco como con profesores particulares del tema; también conocer cómo es reproducida esta información entre estudiantes para lo que se observaron siete casos de transmisión del flamenco entre los años 2020 y 2022. Por último se hará una reflexión abordando al flamenco desde sus cualidades rituales y usos locales hoy en día, buscando una profundización conceptual que nos acerque a la comprensión cultural del flamenco.
650 #0 - PUNTO DE ACCESO ADICIONAL DE MATERIA--TÉRMINO DE MATERIA
Término de materia o nombre geográfico como elemento de entrada Identidad cultural
9 (RLIN) 1868
650 #0 - PUNTO DE ACCESO ADICIONAL DE MATERIA--TÉRMINO DE MATERIA
Término de materia o nombre geográfico como elemento de entrada Música tradicional
9 (RLIN) 23330
650 #0 - PUNTO DE ACCESO ADICIONAL DE MATERIA--TÉRMINO DE MATERIA
Término de materia o nombre geográfico como elemento de entrada Patrimonio cultural inmaterial
9 (RLIN) 23255
650 #0 - PUNTO DE ACCESO ADICIONAL DE MATERIA--TÉRMINO DE MATERIA
Término de materia o nombre geográfico como elemento de entrada Flamenco
Subdivisión general Enseñanza
9 (RLIN) 23331
700 ## - PUNTO DE ACCESO ADICIONAL--NOMBRE DE PERSONA
Nombre de persona Campos Muñoz, Luis
9 (RLIN) 2070
Término indicativo de función/relación profesor guía
900 ## - ELEMENTOS DE DATOS A LOCAL, LDA (RLIN)
Nombre de persona TANT 389
942 ## - ELEMENTOS DE PUNTO DE ACCESO ADICIONAL (KOHA)
Tipo de ítem Koha Tesis
Fuente del sistema de clasificación o colocación Dewey Decimal Classification
Holdings
Estado de retiro Estado de pérdida Fuente del sistema de clasificación o colocación Estado dañado No para préstamo Código de colección Carrera Localización permanente Ubicación/localización actual Ubicación en estantería Fecha de adquisición Total de préstamos Signatura topográfica completa Fecha visto por última vez Precio válido a partir de Tipo de ítem Koha Nota pública
    Dewey Decimal Classification     Bibliografía Complementaria Antropología Biblioteca Central Biblioteca Central Colección Digital 2026-04-17   TANT 389 2026-04-17 2026-04-17 Tesis Documento en PDF



©2023 Unidad de Procesos Comunicacionales / Universidad Academia de Humanismo Cristiano